[Event "Deutscher Pokal Zwischenrunde"]
[Site "Ebersbach"]
[Date "2007.01.13"]
[Round "1.1"]
[White "Schlosser, Philipp"]
[Black "Dausch, Rene"]
[Result "1-0"]
[WhiteElo "2562"]
[BlackElo "2350"]
[Annotator "phips"]
[PlyCount "49"]
[EventDate "2007.01.13"]
[EventCountry "GER"]
[SourceDate "2007.01.13"]
[WhiteTeam "OSC Baden-Baden"]
[BlackTeam "SC-HP Böblingen"]
[WhiteTeamCountry "GER"]
[BlackTeamCountry "GER"]

1. Nf3 Nf6 2. c4 c5 3. Nc3 g6 4. d4 cxd4 5. Nxd4 Nc6 6. Nc2 $5 {Durch diesen
der englischen Rubinsteinvariante (1.c4, c5 2.Nc3, Nf6 3.g3, d5 4.cxd5, Nxd5 5.
Bg2, Nc7) entlehnten Rückzug vermeidet Weiß das nach} (6. e4 {
mögliche Gurgenidze-System:} Nxd4 $1 7. Qxd4 d6 {Nach dem Abtausch eines
Springerpaars erreicht Schwarz im beschleunigten Fianchetto für gewöhnlich
eine gut spielbare Stellung. Mit dem Partiezug strebt Weiß Raumvorteil bei
vollem Brett an.}) 6... Bg7 7. e4 O-O 8. Be2 d6 9. O-O Nd7 {Die Überführung
des Springers gefolgt von f7-f5 gilt als chancenreichstes Gegenspiel für
Schwarz.} 10. Bd2 Nc5 11. b4 $1 {Mit diesem weiter raumgreifenden Vorstoß
stellt der Anziehende Schwarz vor die Wahl, sich von seinem wertvollen
Fianchettoläufer zu trennen und ein Bauernopfer anzunehmen oder eine gedrückte
Verteidigung zu führen.} Ne6 ({
Die Annahme des Bauernopfers gilt als zu gefährlich für Schwarz:} 11... Bxc3
12. Bxc3 Nxe4 13. Bb2 Be6 14. b5 $1 Ne5 15. Qd4 Nf6 16. f4 $40 {
# Analysediagramm} Ned7 (16... Neg4 17. h3 Nh6 18. g4 Rc8 19. Ne3 Bd7 20. g5
$18 {1-0 Van Wely,L (2629)-Gustafsson,J (2436)/Dieren 1999 (35)}) 17. g4 $1 Qb6
18. f5 Bxc4 19. Bxc4 Nxg4 20. Bd5 Rac8 21. Ne3 $18 {
1-0 Svidler,P (2690)-Tiviakov,S (2628)/Chalkidiki 2002 (29)}) 12. Rc1 Ned4 13.
Nxd4 Nxd4 14. Be3 {Noch kommt Schwarz zwar doch dazu sich durch den Abtausch
von sogar zwei Leichtfigurenpaaren zu entlasten, jedoch findet seine Dame kein
sicheres Plätzchen und der Rf8 bleibt vom Spiel ausgeschlossen, da Schwarz im
Gegensatz zu anderen Abspielen des beschleunigten Fianchettos nicht dazu kam,
ihn beizeiten durch das Manöver Qa5, Rfc8, Qd8 zu aktivieren.} Nxe2+ 15. Qxe2
Be6 {#  Eine ziemlich genau vor einem Jahr gespielte Partie eines
BL-Teamkollegen hatte mich damals zwar nachhaltig beeindruckt, jedoch konnte
ich mich jetzt am Brett beim besten Willen nicht mehr daran erinnern, ob
Etienne hier 16.Rfd1 oder 16.Nd5 gegen Tiviakov gespielt hatte.} 16. Rfd1 {
Falsch "geraten"!} ({Etienne hatte sich damals entschlossen die beiden Züge in
umgekehrter Reihenfolge zu spielen:} 16. Nd5 Qd7 17. Rfd1 b6 18. b5 $1 {
# Variantendiagramm  Eine überraschende, aber starke Idee: Der Pb6 wird als
Schwäche markiert. Langfristig hat Weiß die Überführung seines Springers auf
das starke Feld c6 im Auge, aber auch das Aufrollen, des schwarzenDamenflügels
durch a4 und a5.} f5 19. exf5 Rxf5 20. Nb4 Bf7 21. Nc6 Re8 22. Qd3 Rc8 23. Qe4
Rc7 24. a4 $16 {1-0 Bacrot,E (2717)-Tiviakov,S (2669)/Wijk aan Zee 2006 (41)})
16... Qc8 $2 {So gelingt es Schwarz nicht, sich der weißen Spielidee
wirkungsvoll zu widersetzen.} ({Am ehesten sollte er sein Heil in der
Beseitigung des Springers suchen, den Weiß eigentlich nach d5 überführen
wollte:} 16... Bxc3 $5 17. Rxc3 {Am Brett hatte ich zwar auch kurz über diese
Möglichkeit nachgedacht, jedoch war es mir schwer gefallen, zu glauben, daß
sich Schwarz bei vollem Brett ungestraft von seinem Fianchettoläufer trennen
darf.} Qc7 18. c5 $36 {
1/2-1/2 Gustafsson,J (2614)-Comas Fabrego,L (2513)/Sant Lluis 2005 (46)}) 17.
Nd5 $16 Bxd5 18. exd5 b6 19. c5 {Aufgrund der Schwäche auf e7 darf Schwarz nun
nicht zweimal auf c5 tauschen, so daß Weiß einen gefährlichen, langfristig
entscheidenden Freibauern auf c6 etablieren kann.} bxc5 20. bxc5 Qf5 21. c6 $18
e6 22. Qf3 $5 {Gewiß wäre auch 22.Qc4 oder 22.Qd3 möglich gewesen, jedoch
erschien mir die Verdopplung auf der f-Linie keineswegs nachteilhaft zu sein:
schließlich verschwindet die aktivste schwarze Figur und Weiß erhält ein
Luftloch für seinen König.} Qxf3 23. gxf3 e5 24. Rb1 f5 25. Rb7 {
und Schwarz begab sich früh, aber keineswegs unbegründet geschlagen.} 1-0

[Event "Deutscher Pokal - Zwischenrunde -"]
[Site "Ebersbach"]
[Date "2007.01.13"]
[Round "1.2"]
[White "Gheng, Josef"]
[Black "Schenk, Andreas"]
[Result "1/2-1/2"]
[WhiteElo "2348"]
[BlackElo "2517"]
[PlyCount "30"]
[EventDate "2007.01.13"]
[EventCountry "GER"]
[SourceDate "2007.01.13"]
[WhiteTeam "SC-HP Böblingen"]
[BlackTeam "OSC Baden-Baden"]
[WhiteTeamCountry "GER"]
[BlackTeamCountry "GER"]

1. c4 Nf6 2. Nc3 c5 3. Nf3 e6 4. g3 b6 5. Bg2 Bb7 6. O-O Be7 7. d4 cxd4 8. Nxd4
Bxg2 9. Kxg2 Qc7 10. b3 O-O 11. e4 Qb7 12. f3 Nc6 13. Bb2 Rfd8 14. Rc1 Rac8 15.
Qd2 a6 $11 1/2-1/2

[Event "Deutscher Pokal - Zwischenrunde -"]
[Site "Ebersbach"]
[Date "2007.01.13"]
[Round "1.3"]
[White "Bauer, Peter"]
[Black "Mutschnik, Ilia"]
[Result "0-1"]
[WhiteElo "2282"]
[BlackElo "2445"]
[Annotator "phips"]
[PlyCount "54"]
[EventDate "2007.01.13"]
[EventCountry "GER"]
[SourceDate "2007.01.13"]
[WhiteTeam "SC-HP Böblingen"]
[BlackTeam "OSC Baden-Baden"]
[WhiteTeamCountry "GER"]
[BlackTeamCountry "GER"]

1. e4 c5 2. Nf3 e6 3. d4 cxd4 4. Nxd4 Nc6 5. Nc3 Qc7 6. g3 a6 7. Bg2 Nf6 8. O-O
Bc5 $5 9. Nb3 $6 {Diese Erwiderung wird zwar am häufigsten gespielt, jedoch
ist sie nicht geeignet, die schwarze Aufstellung in Frage zu stellen.} ({
Anspruchsvoller ist die positionelle Fortsetzung} 9. Nxc6 dxc6 10. Na4 Ba7 11.
c4 Nd7 12. Qc2 $14) ({Oder der dynamischere Versuch} 9. Bf4 e5 10. Nb3 exf4 11.
Nxc5 fxg3 12. fxg3 $5 d6 13. Nd3 Ne5 14. Rxf6 gxf6 15. Nd5 Qd8 16. Qf1 O-O 17.
Qf4 $44 {1-0 Nepomniashchy,Y (2483)-Popov,I (2476)/Nojabrsk 2005 (57)}) 9...
Ba7 {Nun stelt der schwarze Königsläufer aktiv und der Nb3 wirkungslos.} 10.
Bf4 Ne5 11. a4 d6 12. Qe2 Bd7 13. Kh1 Rc8 14. Bg5 Nc4 15. Bxf6 $6 gxf6 {
Das schwarze Läuferpaar und der Druck am Damenflügel wiegt schwerer als die
Schwächung des Königsflügels.} 16. Ra2 $6 {
Wahrlich kein Traumplatz für den Turm.} ({Eher einen Versuch wert war es} 16.
Nd1 {zu spielen, in der Hoffnung, den Damenflügel bei Zeiten durch c2-c3
konsolidieren zu können.}) 16... h5 17. h4 {#} Ne5 $6 ({
Hier war es einfacher gewesen, sofort} 17... Kf8 $142 {zu spielen, um dem
vis-a-vis Qe2-Ke8 auszuweichen und so die Riposte Nd5 auf Nxb2 zu entkräften.})
18. Raa1 Ng4 $6 19. a5 Ne5 $5 20. Bf3 Nc4 {Schon erstaunlich, daß es Schwarz
leisten konnte, seinen Springer einmal testweise auf g4 und wieder zurück auf
c4 zu überführen, ohne sein positionelles Plus im wesentlichen in Frage zu
stellen!} 21. Ra2 Kf8 $6 {Im 17.Zug war diese Prophylaktische Maßnahme noch
angesagt gewesen, um den gegenschlag Nd5 zu entkräften.} ({Hier hätte sich
Schwarz wegen der späteren Option Bb5 einfach sofort auf b2 bedienen können:} 
21... Nxb2 22. Nd5 exd5 23. exd5+ Kf8 24. Rxb2 Bb5 25. Qd1 Bxf1 26. Qxf1 Qc3
$19) 22. Bxh5 $2 {Statt weiter zu leiden, zieht Weiß ein kurzes Ende vor.} Nxb2
$1 $19 23. Rxb2 Qxc3 24. Rbb1 Bb5 25. Qf3 Qxf3+ 26. Bxf3 Bxf1 27. Rxf1 Rxc2 0-1

[Event "Deutscher Pokal - Zwischenrunde -"]
[Site "Ebersbach"]
[Date "2007.01.13"]
[Round "1.4"]
[White "Strohhäker, Raoul"]
[Black "Tuncer, Ufuk"]
[Result "1/2-1/2"]
[WhiteElo "2386"]
[BlackElo "2276"]
[Annotator "phips"]
[PlyCount "100"]
[EventDate "2007.01.13"]
[EventCountry "GER"]
[SourceDate "2007.01.13"]
[WhiteTeam "OSC Baden-Baden"]
[BlackTeam "SC-HP Böblingen"]
[WhiteTeamCountry "GER"]
[BlackTeamCountry "GER"]

1. e4 c5 2. Nf3 d6 3. d4 cxd4 4. Nxd4 Nf6 5. Nc3 g6 6. g3 Nc6 7. Bg2 $6 ({
Der weiße Springer hätte sich hier besser sofort durch den Rückzug auf e2 dem
Abtausch entziehensollen!} 7. Nde2 $142 $1 {
Eine Attacke gegen das Feld f3 wäre dann nicht zu befürchten:} Bg4 $6 8. Bg2
Ne5 $2 9. f4 $1 $16) 7... Bd7 $2 ({
Schwarz mußte sich unbedingt durch den Abtausch eines Springerpaars entlasten!
} 7... Nxd4 8. Qxd4 Bg7 9. O-O O-O 10. Qb4 a5 11. Qb3 Be6 $132 {0-1 Adams,M
(2670)-Kramnik,V (2790)/Wijk aan Zee 1998 (29) und Schwarz hatte ncihts zu
befürchten.}) 8. Nde2 $1 {Weiß korrigiert seine Unterlassung!} Qc8 9. Nf4 $6 {
Danach stehen sich die weißen Springer c3 udn f4 ein wenig auf den Füßen.} ({
Obwohl Weiß nach} 9. h3 {einige Zeit mit der Rochade warten müssen wird, wäre
diese Option dem Partiezug vorzuziehen gewesen:} Bg7 10. a4 O-O 11. Be3 $14)
9... Bg7 10. O-O O-O 11. Re1 Re8 12. a4 Ne5 13. h3 Nc4 14. Ra2 ({
Vielleicht hätte sich Raoul hier die Zeit für} 14. Kh2 {
nehmen sollen, um den Ph3 zu überdecken!?}) 14... e5 15. Nfd5 Nxd5 16. Nxd5 Nb6
$13 17. b3 Nxd5 18. Qxd5 Be6 19. Qd3 Bxh3 20. c4 Bxg2 21. Kxg2 Qc6 22. Ba3 $44
{Irgendwo in dieser Phase lehnte Raoul ein Remisangebot seines Gegners ab.
Noch ist die Stellung etwa ausgegleichen, da der schwarze Läufer schlecht, der
Pd6 schwach ist und Scharz nciht viel mit seinem Mehrbauern anfangen kann.
Jedoch machte er in der Folge sich zu sehr auf die schlechte Zeit seines
Gegners statt die Stellung zu konzentrieren!} Re6 23. Rd1 Bf8 24. Qd5 Rc8 25.
Rad2 Qb6 26. Rd3 a6 27. g4 Rf6 28. f3 Qc7 29. R3d2 (29. Bc1 $5 {
Trotz seines Minusbauern steht Weiß keineswegs schlechter!}) 29... Qb6 30. Qd3
(30. Rd3 $142) 30... Re6 ({Ein Eigentor wäre} 30... d5 $2 31. Bxf8 dxe4 {wegen}
32. Qd8 $3 {gewesen!} Rxd8 33. Rxd8 exf3+ 34. Kg3 $18) 31. Bb2 $6 Bh6 32. Re2
Bf4 33. Ba3 Rc6 34. Qc3 Qd8 35. Qe1 Qg5 36. Kh3 h5 $2 ({Nach} 36... Qh6+ $1 $19
{war die Partie eigentlich schon gelaufen, da Weiß Matt wird oder einen Turm
verliert:} 37. Qh4 Qxh4+ 38. Kxh4 g5+ 39. Kh3 Rh6+ 40. Kg2 Rh2+ 41. Kf1 Rh1+)
37. Rg2 Kg7 38. Qh4 Qxh4+ 39. Kxh4 g5+ 40. Kh3 Rh6 41. Rgg1 hxg4+ 42. Kxg4 d5
43. Rh1 dxc4 44. bxc4 Rxh1 ({Mit} 44... Bh2 $1 $19 {verpaßte Schawrz hier
einen weiteren einfachen Gewinn. Im Unterschied zur Partie wäre es Weiß hier
nicht vergönnt, sich durch den den Abtausch eines Turmpaars zu entlasten. Der
Läuferzug nach h2 erinnert farb und flügelverkehrt an eine berühmte Partie
Karpows, in der der Exweltmeister 1974 bei der Schacholympiade in Nizza gegen
Wolfgang Unzicker in einer spanischen Partie mit 24.Be3-a7 die a-Linie
blockierte und so Vereinfachungen vermied.}) 45. Rxh1 Rxc4 $2 ({
Hier unbedingt wenigstens} 45... Kg6 $1 $17 {geschehen müssen, um den weißen
König von f5 fernzuhalten und das am Ende der Partie folgende, rettende
Gegenspiel zu vermeiden.} 46. c5 (46. Rh8 Rxc4 47. Be7 f6) (46. Bf8 f6 47. Rh6+
Kf7 48. Ba3 $4 f5+ $19) 46... Rc8 {Weiß wird es nicht dauerhaft gelingen, den
schwarzen Turm von seinem König fern zu halten.}) 46. Kf5 $1 $11 {Nun liegen
een wie Be7-f6 in der Luft. An eine Verwertung der beiden Mehrbauern ist nicht
mehr zu denken.} Rc6 47. Be7 $1 Re6 48. Bd8 Rd6 49. Be7 Re6 50. Bd8 Rd6 1/2-1/2

[Event "Deutscher Pokal - Zwischenrunde -"]
[Site "Ebersbach"]
[Date "2007.01.14"]
[Round "2.1"]
[White "Grill, Bernd"]
[Black "Schlosser, Philipp"]
[Result "0-1"]
[WhiteElo "2172"]
[BlackElo "2662"]
[Annotator "phips"]
[PlyCount "52"]
[EventDate "2007.01.13"]
[EventCountry "GER"]
[SourceDate "2007.01.13"]
[WhiteTeam "SV Ebersbach"]
[BlackTeam "OSC Baden-Baden"]
[WhiteTeamCountry "GER"]
[BlackTeamCountry "GER"]

1. e4 c5 2. Nf3 Nc6 3. Bb5 Nf6 {Der erste von neun Zügen des späterne "Helden"
der Partie: niemals hätte ich es mir hier träumen lassen, daß ich in mehr als
einem Drittel meiner Züge meinen Königsspringer bewegen würde!} 4. e5 Nd5 {
Nummer zwei} 5. Nc3 Nc7 {Nummer drei} 6. Bc4 ({Keine Sorgen angesichts seines
Läuferpaars und angesichts der schwachen schwarzen Felder hätte Schwarz nach} 
6. Bxc6 dxc6 7. O-O Bg4 $132) 6... g6 7. d3 Bg7 8. Bf4 b6 ({
Später gefiel es mir besser hier} 8... b5 $5 9. Bb3 (9. Bxb5 Nxb5 10. Nxb5 Rb8)
9... Na5) ({oder sofort} 8... Na5 {zu spielen, um den Bc4 abzutauschen und dem
verbleibenden Springer das schöne Feld e6 zu sichern.}) 9. a4 $5 {
So baut Weiß seinem Läufer eine "Garage" auf a2.} Bb7 10. O-O O-O 11. Re1 Ne6 {
Nummer vier} 12. Bg3 ({
Anfangs machte ich mir sorgen, ob es mir gelingen würde nach} 12. Bxe6 fxe6 {
genügend Spiel zu entwickeln, um zu verkraften, daß der Bg7 langfristig vom
Spiel ausgeschlossen ist. Jedoch wiegen die dynamischen Vorteile der schwarzen
Stellung schwerer: Er verfügt über das Läuferpaar - insbesondere der Bb7 ist
stark! Die halboffene c-Linie spricht natürlich auch für Schwarz udnschließlich
ist auch die latente Schwäche des Pe5 nicht zu vergessen.} 13. Bg3 a6 $15)
12... Ned4 {Nummer fünf} 13. Bd5 Nf5 {Nummer sechs} 14. Bf4 e6 15. Ba2 (15. Be4
f6 $13) (15. Bxc6 Bxc6 16. Ne4 f6 $13) 15... d6 ({
Thematisch ist eigentlich der andere Hebel in der f-Linie. Nach} 15... f6 $5
16. exf6 Qxf6 17. Ne4 {war ich jedoch letztlich etwas genervt davon, daß das
freche Nehmen auf b2 nicht zu funktionieren schien, daß ich alternative
Damenzüge gar nicht groß in Betracht zog:} Qe7 (17... Qxb2 $6 18. c3 $1 $13)
18. c3 Nh4 19. Bd6 Nxf3+ 20. Qxf3 $1 (20. gxf3 Qh4 21. Bxf8 Rxf8 $40) 20...
Rxf3 21. Bxe7 Rxd3 22. Bc4 Ne5 23. Nxc5 bxc5 24. Rxe5 Bxe5 25. Bxd3 d6 $15) 16.
Bg5 Qc7 17. Nb5 Qd7 18. exd6 Nxd6 {Nummer sieben} 19. c3 Nf5 {Nummer acht} 20.
Qe2 h6 21. Bf4 e5 $1 $17 {Einerseits kann sich Weiß wegen der Fesslung auf der
e-Line nun nicht gut auf e5 bedienen, andererseits kann er es sich auch kaum
leisten, seine Figuren einfach nur zurückwerfen zu lassen.} 22. Nxe5 (22. Bxe5
Rfe8 $19) (22. Bd2 Rad8) 22... Nxe5 23. Bxe5 Rae8 $1 24. d4 (24. f4 a6 $1 $19
25. Nc7 (25. Na3 Kh7 $1 {gefolgt von f7-f6 mit Gewinn des Be5}) 25... Re7 {
und Schwarz gewinnt der Nc7.}) 24... cxd4 25. cxd4 Nxd4 $1 {
Nummer neun!  Schwarz gewinnt eine Figur und die Partie.} 26. Nxd4 Rxe5 0-1

[Event "Deutscher Pokal - Zwischenrunde -"]
[Site "Ebersbach"]
[Date "2007.01.14"]
[Round "2.2"]
[White "Doettling, Fabian"]
[Black "Kessler, Dietmar"]
[Result "1-0"]
[WhiteElo "2542"]
[BlackElo "2270"]
[Annotator "phips"]
[PlyCount "57"]
[EventDate "2007.01.13"]
[EventCountry "GER"]
[SourceDate "2007.01.13"]
[WhiteTeam "OSC Baden-Baden"]
[BlackTeam "SV Ebersbach"]
[WhiteTeamCountry "GER"]
[BlackTeamCountry "GER"]

1. d4 f5 2. Nc3 Nf6 3. Bg5 d5 4. Bxf6 exf6 5. e3 c6 $2 {Dieser scheinbar
natürliche Bauernzug hat sich als Fehler erwiesen, da es nun kaum mehr zu
schaffen ist, den Nb8 auf sein Idealfeld e4 zu überführen.} ({
Als kritisch gilt daher} 5... Be6 {
gefolgt von Qd7 und Nc6 mit Ideen wie Nd8-f7-d6/g5-e4 oder Ne7-c8-d6-e4.}) 6.
Bd3 g6 7. Qf3 Be6 8. h3 $1 {#   Der seit langer Zeit bekannte Ausheber: Obwohl
sein Gegner das Läuferpaar besitztm, öffnet der besser entwickelte Anziehende
in der Folge mit g2-g4 das Spiel und löst dabei sogar den schwarzen
Doppelbauern auf!} Nd7 9. g4 fxg4 10. hxg4 Bg7 $2 {
Ein Einsteller in bereits schwieriger Stellung!} 11. Rxh7 $1 $18 Rxh7 ({
Realtiv besser war noch} 11... Kf7 {
, um nur einen nicht zwei Bauern zu verlieren.}) 12. Bxg6+ Bf7 13. Bxh7 Qe7 14.
Nge2 Nb6 15. Bd3 O-O-O 16. O-O-O Kb8 17. Ng3 Qb4 18. g5 Ka8 19. g6 Bxg6 20. a3
$1 {spätestens nach diesem Zwischenzug hätte Schwarz eigentlich aufgeben
sollen. Am Ende entschuldigte er sich für diese Unterlassung: in einem
Mannschaftswettkampf habe er seine Niederlage noch ein wenig strecken wollen,
um die Moral seiner Teamkollegen nicht zu untergraben.} Qa5 21. Bxg6 Nc4 22.
Nb1 b5 23. Bd3 Rb8 24. c3 Nxb2 25. Kxb2 b4 26. cxb4 Bf8 27. Qxf6 Bxb4 28. Qxc6+
Rb7 29. Ba6 1-0

[Event "Deutscher Pokal - Zwischenrunde -"]
[Site "Ebersbach"]
[Date "2007.01.14"]
[Round "2.3"]
[White "Mutschnik, Ilia"]
[Black "Rupp, Michael"]
[Result "1/2-1/2"]
[WhiteElo "2445"]
[BlackElo "2251"]
[Annotator "phips"]
[PlyCount "74"]
[EventDate "2007.01.13"]
[EventCountry "GER"]
[SourceDate "2007.01.13"]
[WhiteTeam "SV Ebersbach"]
[BlackTeam "OSC Baden-Baden"]
[WhiteTeamCountry "GER"]
[BlackTeamCountry "GER"]

1. e4 c5 2. Nf3 d6 3. d4 cxd4 4. Nxd4 Nf6 5. Nc3 a6 6. Be3 e5 7. Nb3 Be6 8. Qd2
Be7 9. f3 O-O 10. O-O-O Nbd7 11. g4 b5 12. g5 b4 13. Ne2 Ne8 14. Ng3 a5 15. Kb1
Nc7 16. f4 a4 17. f5 axb3 18. cxb3 d5 19. fxe6 fxe6 20. exd5 exd5 21. Bg2 Ra5 {
#  Ohne wirklich viel von dem geschehen vorher und nachher verstanden zu haben,
machten sich sowohl Fabian als auch ich uns hier um unseren Teamkollegen
Sorgen. Es scheint offensichtlich, daß  1) VORHER etwas aus weißer Sicht
schief gelaufen ist.  UND  2) NACHHER etwas aus schwarzer Sicht schief
gelaufen ist.} 22. a4 Kh8 23. h4 Qb8 24. g6 Bc5 25. gxh7 Qb6 26. Bxc5 Nxc5 27.
Qg5 Nxb3 28. Rhf1 Rxf1 29. Qd8+ Kxh7 30. Bxf1 Rxa4 $2 {
Danach kann sich Weiß in ein Dauerschach retten.} ({Keine Hoffnungen sich noch
zu retten kann sich Weiß dagegen nach dem Computerzug} 30... Qc6 $1 $19 {
mehr machen.}) 31. Bd3+ e4 32. Nxe4 Ra1+ 33. Kc2 Nd4+ 34. Kd2 Nf3+ 35. Ke2 Nd4+
36. Kd2 Nf3+ 37. Ke2 Nd4+ 1/2-1/2